Normal view
MARC view
- تأليف القصيري،فيصل صالح
Entry Personal Name
001 - CONTROL NUMBER
- control field: 24373
003 - CONTROL NUMBER IDENTIFIER
- control field: JO-AjAnu
005 - DATE AND TIME OF LATEST TRANSACTION
- control field: 20230606074159.0
008 - FIXED-LENGTH DATA ELEMENTS
- fixed length control field: 230606|| aca||aabn | a|a d
040 ## - CATALOGING SOURCE
- Original cataloging agency: JO-AjAnu
- Transcribing agency: JO-AjAnu
100 ## - HEADING--PERSONAL NAME
- Personal name: تأليف القصيري،فيصل صالح
670 ## - SOURCE DATA FOUND
- Source citation: Work cat.: (JO-AjAnu)12533: تأليف القصيري،فيصل صالح, author, بنية القصيدة في شعر عز الدين المناصرة